LDR 01261naa#a2200277#i#450# 001 EN\\bibl\114010 005 20260430153937.4 011 ## _a1994-4683 100 ## _a20260429b2026####ek#y0engy0150####ca 102 ## _aRU 200 1# _aLeadership styles and professional identity of managers at different stages of professionalization: differences and a mathematical model of differentiation _eJournal article 210 1# _aMoscow _cNational State University of Physical Education, Sports and Health named after P.F. Lesgaft _d2026 215 ## _a7 с. 606 ## _aПсихологические науки. 37.00.00 _aПсихология. 37.03.01 _2local 608 ## _aJournal article _2local 675 ## _aПсихологические исследования. 159.9.07 _z 686 ## _aОбщая психология. 883 _2bbk 686 ## _aПсихология личности. 8837 _2bbk 686 ## _aПсихология. 83 _2tbk 686 ## _aОбщая психология. 831 _2tbk 686 ## _aПСИХОЛОГИЯ. 15.00 _2grnti 686 ## _aОбщая психология. 15.21 _2grnti 700 #1 _aDmitrieva _gYuliya Aleksandrovna 700 #1 _aBorisova _gOl'ga Vladimirovna 700 #1 _aKoltunov _gEvgeniy Ivanovich 856 4# _auchzapiski.lesgaft.spb.ru _u